[Event "37th Reykjavik op"]
[Site "Reykjavik ISL"]
[Date "2024.03.17"]
[Round "4.40"]
[White "Johannsson, Markus Orri"]
[Black "Saine, Zachary"]
[WhiteElo "1758"]
[BlackElo "2010"]
[Result "0-1"]
[EventDate "2024.03.15"]
[PlyCount "98"]

1. e4 {[%eval 13,0]} e5 {[%eval 17,0]} 2. Nf3 {[%eval 21,0]} Nc6 {[%eval 13,0]}
3. Bc4 {[%eval 14,0]} Bc5 {[%eval 18,0]} 4. d3 {[%eval 11,0]} Nf6 {[%eval 18,0]
} 5. c3 {[%eval 18,0]} d6 {[%eval 27,0]} 6. O-O {[%eval 17,0]} a6 {[%eval 18,0]
} 7. a4 {[%eval 19,0]} Ba7 {[%eval 13,0]} 8. Re1 {[%eval 25,0]} h6 {[%eval 25,
0]} 9. Nbd2 {[%eval 23,0]} O-O {[%eval 21,0]} 10. h3 {[%eval 21,0]} Ne7 {
[%eval 25,0]} 11. Nf1 {[%eval 2,0]} Ng6 {[%eval 21,0]} 12. Ng3 {[%eval 16,0]}
c6 {[%eval 18,0]} 13. Ba2 {[%eval 16,0]} Be6 {[%eval 31,0]} 14. Be3 $6 {
[%eval 25,0] Inaccuracy. Bxe6 was best.} (14. Bxe6 fxe6) 14... Bxe3 {[%eval 25,
0]} 15. fxe3 {[%eval 42,0]} d5 {[%eval 41,0]} 16. exd5 {[%eval 39,0]} cxd5 {
[%eval 45,0]} 17. d4 {[%eval 73,0]} e4 {[%eval 89,0]} 18. Ne5 {[%eval 84,0]}
Qc7 {[%eval 87,0]} 19. Nxg6 {[%eval -85,0]} Qxg3 $6 {[%eval 1,0] Inaccuracy.
fxg6 was best.} (19... fxg6) 20. Nxf8 {[%eval 38,0]} Bxh3 {[%eval 4,0]} 21. Qd2
{[%eval 31,0]} Ng4 {[%eval 22,0]} 22. Bxd5 {[%eval 21,0]} Rxf8 {[%eval 34,0]}
23. Bxe4 {[%eval 28,0]} f5 {[%eval 0,0]} 24. Bf3 $2 {[%eval -32,0] Mistake.
Bd5+ was best.} (24. Bd5+ Kh7 25. Bf3 Qh2+ 26. Kf1 f4 27. exf4 Rxf4 28. Qd3+
Kg8 29. Qc4+ Kh7) 24... Qh2+ {[%eval -24,0]} 25. Kf1 {[%eval -192,0]} f4 {
[%eval -11,0]} 26. e4 {[%eval -17,0]} Ne3+ {[%eval -197,0]} 27. Ke2 {[%eval
-194,0]} Bxg2 {[%eval -6,0]} 28. Bxg2 $2 {[%eval -393,0] Mistake. Kd3 was best.
} (28. Kd3) 28... Nxg2 $2 {[%eval -2,0] Mistake. Nc4 was best.} (28... Nc4 29.
Qc2 f3+ 30. Kd3 fxg2 31. Rg1 b5 32. axb5 axb5 33. Qxg2 Rf3+ 34. Ke2 Re3+ 35.
Kd1) 29. Rf1 {[%eval -165,0]} f3+ {[%eval -189,0]} 30. Kd3 {[%eval -173,0]} f2
{[%eval -173,0]} 31. Kc2 {[%eval -173,0]} Qg3 {[%eval -174,0]} 32. Qe2 $6 {
[%eval -249,0] Inaccuracy. d5 was best.} (32. d5 Ne3+ 33. Kb3 Qf3 34. e5 Rf4
35. d6 Qe4 36. Qe2 Qd5+ 37. Ka3 Nc4+ 38. Kb3 Nxd6+) 32... Ne3+ {[%eval -258,0]}
33. Kd2 $6 {[%eval -318,0] Inaccuracy. Kb3 was best.} (33. Kb3 Qf3 34. Qd2 Qxe4
35. Ka2 Qf3 36. Rac1 b5 37. d5 Qf4 38. d6 Qxa4+ 39. Kb1 Qe4+) 33... Nxf1+ $4 {
[%eval -45,0] Blunder. Rf3 was best.} (33... Rf3 34. Qd3 Nxf1+ 35. Qxf1 Qf4+
36. Kc2 Qxe4+ 37. Kd2 Kh7 38. Rd1 g5 39. Qe2 f1=N+ 40. Rxf1) 34. Rxf1 {[%eval
-79,0]} g5 $2 {[%eval 1,0] Mistake. Rf3 was best.} (34... Rf3 35. d5) 35. e5 {
[%eval 25,0]} Rf3 {[%eval 0,0]} 36. Qe4 {[%eval 0,0]} Kf8 {[%eval 0,0]} 37. d5
{[%eval 0,0]} g4 {[%eval 0,0]} 38. Qb4+ $4 {[%eval -165,0] Blunder. Ke2 was
best.} (38. Ke2 Ke8 39. a5 Qf4 40. Qxf4 Rxf4 41. Rxf2 Re4+ 42. Kf1 Rxe5 43. Re2
Rxe2 44. Kxe2 h5) 38... Ke8 {[%eval -196,0]} 39. Qd6 $6 {[%eval -254,0]
Inaccuracy. Qxb7 was best.} (39. Qxb7 Qf4+ 40. Kc2 Qxa4+ 41. Kc1 Qf4+ 42. Kb1
Qe4+ 43. Ka2 Qxe5 44. Qa8+ Kf7 45. Rxf2 Rxf2) 39... Qf4+ {[%eval -243,0]} 40.
Kc2 {[%eval -231,0]} Qxa4+ $2 {[%eval -187,0] Mistake. g3 was best.} (40... g3
41. Qg6+ Kf8 42. Kb3 Qxe5 43. Qxh6+ Ke7 44. Qh7+ Kd6 45. Qg6+ Kc7 46. Qg8 Kb6
47. Rh1) 41. Kd2 $4 {[%eval -347,0] Blunder. Kb1 was best.} (41. Kb1 Qf4 42.
Qb8+ Kf7 43. e6+ Kg7 44. Qxb7+ Kg6 45. Qd7 Qc4 46. Rxf2 Rxf2 47. e7 Qe4+) 41...
Qb5 {[%eval -366,0]} 42. Qg6+ $6 {[%eval -493,0] Inaccuracy. Qb8+ was best.} (
42. Qb8+ Kf7 43. e6+ Ke7 44. Qc7+ Kf6 45. Qd8+ Ke5 46. Qh8+ Kxd5 47. Qd4+ Kxe6
48. Qxg4+ Qf5) 42... Kd8 {[%eval -589,0]} 43. Qg8+ {[%eval -599,0]} Kc7 {
[%eval -414,0]} 44. Qh7+ {[%eval -600,0]} Kb8 {[%eval -429,0]} 45. d6 {[%eval
-594,0]} Qxb2+ {[%eval -549,0]} 46. Qc2 {[%eval -575,0]} Qxc2+ {[%eval -593,0]}
47. Kxc2 {[%eval -595,0]} g3 {[%eval -595,0]} 48. e6 {[%eval -591,0]} Re3 {
[%eval -558,0]} 49. Rd1 {[%eval -505,0]} Kc8 {[%eval -523,0]} 0-1

[Event "37th Reykjavik op"]
[Site "Reykjavik ISL"]
[Date "2024.03.17"]
[Round "4.41"]
[White "Thorfinnsson, Bragi"]
[Black "Harish, Neeraj"]
[WhiteElo "2397"]
[BlackElo "2090"]
[Result "0-1"]
[EventDate "2024.03.15"]
[PlyCount "70"]

1. e4 {[%eval 13,0]} c5 {[%eval 33,0]} 2. Nc3 {[%eval 24,0]} Nc6 {[%eval 41,0]}
3. Nf3 {[%eval 23,0]} e5 {[%eval 49,0]} 4. Bc4 {[%eval 32,0]} g6 {[%eval 63,0]}
5. d3 {[%eval 5,0]} h6 {[%eval 51,0]} 6. Nd2 {[%eval 48,0]} Bg7 {[%eval 47,0]}
7. Nf1 {[%eval 33,0]} Nge7 {[%eval 64,0]} 8. Ne3 {[%eval 36,0]} d6 {[%eval 44,
0]} 9. O-O {[%eval 1,0]} O-O {[%eval 0,0]} 10. a3 {[%eval 6,0]} Kh7 {[%eval 8,
0]} 11. Ncd5 {[%eval 35,0]} Nxd5 {[%eval 11,0]} 12. Nxd5 {[%eval 16,0]} Ne7 {
[%eval 1,0]} 13. Nxe7 {[%eval 7,0]} Qxe7 {[%eval 12,0]} 14. b4 {[%eval 11,0]}
Bd7 {[%eval 38,0]} 15. Bd5 {[%eval 26,0]} Rab8 {[%eval 42,0]} 16. bxc5 {
[%eval 31,0]} dxc5 {[%eval 33,0]} 17. Rb1 {[%eval 28,0]} b6 {[%eval 26,0]} 18.
c4 {[%eval 29,0]} Qe8 {[%eval 39,0]} 19. Re1 {[%eval 32,0]} Bf6 {[%eval 45,0]}
20. g3 {[%eval 3,0]} Bg5 {[%eval 4,0]} 21. f4 {[%eval 21,0]} Bf6 $6 {[%eval
119,0] Inaccuracy. exf4 was best.} (21... exf4 22. h4) 22. Qf3 $6 {[%eval 37,0]
Inaccuracy. f5 was best.} (22. f5) 22... exf4 {[%eval 35,0]} 23. gxf4 {[%eval
2,0]} Qe7 {[%eval 35,0]} 24. Kh1 {[%eval 19,0]} Rbe8 $6 {[%eval 114,0]
Inaccuracy. b5 was best.} (24... b5 25. cxb5 Bxb5 26. f5 Be5 27. Bf4 Bxf4 28.
Qxf4 Rb6 29. Re3 g5 30. Qg3 Rc8 31. Rc1) 25. Bb2 $6 {[%eval 48,0] Inaccuracy.
Be3 was best.} (25. Be3 Rg8) 25... h5 {[%eval 100,0]} 26. f5 $4 {[%eval -99,0]
Blunder. Rg1 was best.} (26. Rg1 Bg4) 26... Bxb2 {[%eval -99,0]} 27. Rxb2 {
[%eval -94,0]} Bxf5 {[%eval 97,0]} 28. Rg2 $6 {[%eval -27,0] Inaccuracy. Rf2
was best.} (28. Rf2) 28... Qh4 $6 {[%eval 87,0] Inaccuracy. Bg4 was best.} (
28... Bg4 29. Qf4 g5 30. Qf2 f5 31. e5 f4 32. Bc6 Rd8 33. Bd5 Bh3 34. Rgg1 Kh6
35. e6) 29. Reg1 $6 {[%eval -48,0] Inaccuracy. Qf2 was best.} (29. Qf2) 29...
Bg4 {[%eval -59,0]} 30. Qf4 {[%eval -73,0]} Qe7 {[%eval -83,0]} 31. Qe3 $2 {
[%eval -139,0] Mistake. Bc6 was best.} (31. Bc6 Qe5 32. Qe3 Rc8 33. Bb7 Rb8 34.
Bd5 f5 35. Qg5 Rf6 36. Rf2 Qd4 37. exf5 Qxf2) 31... f5 {[%eval -149,0]} 32. h3
$6 {[%eval -227,0] Inaccuracy. a4 was best.} (32. a4 Qf6 33. a5 fxe4 34. Bxe4
Rxe4 35. dxe4 Bf3 36. e5 Qe6 37. Re1 Qxc4 38. e6 Qg4) 32... f4 $6 {[%eval -147,
0] Inaccuracy. Qh4 was best.} (32... Qh4 33. e5 f4 34. Qf2 Qxf2 35. Rxf2 Bxh3
36. Re1 g5 37. e6 Re7 38. Rh2 Bg4 39. a4) 33. Qf2 {[%eval -166,0]} f3 {[%eval
-5,0]} 34. Rg3 $6 {[%eval -273,0] Inaccuracy. Rh2 was best.} (34. Rh2 Bd7 35.
Qg3 g5 36. Rf2 Kh6 37. Rxf3 Rxf3 38. Qxf3 Rf8 39. Qe3 Qe5 40. Re1 Rf4) 34...
Qh4 {[%eval -117,0]} 35. Kh2 $2 {[%eval -336,0] Mistake. Rf1 was best.} (35.
Rf1 Bxh3 36. Rxf3 Rxf3 37. Qxh4 Bxf1 38. Kg1 Bxd3 39. Kh2 Ref8 40. e5 Rf2+ 41.
Kg1 Rf1+) 35... Bxh3 0-1

[Event "37th Reykjavik op"]
[Site "Reykjavik ISL"]
[Date "2024.03.17"]
[Round "4.42"]
[White "Prado Serrano, Alexandra"]
[Black "Leliveld, Andrew"]
[WhiteElo "1877"]
[BlackElo "1657"]
[Result "0-1"]
[EventDate "2024.03.15"]
[PlyCount "116"]

1. e4 {[%eval 13,0]} c6 {[%eval 24,0]} 2. d4 {[%eval 28,0]} d5 {[%eval 31,0]}
3. Nc3 {[%eval 27,0]} dxe4 {[%eval 33,0]} 4. Nxe4 {[%eval 21,0]} Bf5 {[%eval
18,0]} 5. Ng3 {[%eval 35,0]} Bg6 {[%eval 26,0]} 6. Bc4 {[%eval 0,0]} e6 {
[%eval 1,0]} 7. Nf3 {[%eval 0,0]} Nd7 {[%eval 0,0]} 8. O-O {[%eval 14,0]} Be7 {
[%eval 22,0]} 9. Qe2 {[%eval 11,0]} Ngf6 {[%eval 12,0]} 10. Re1 {[%eval 1,0]}
Nd5 {[%eval 24,0]} 11. c3 {[%eval 7,0]} a5 {[%eval 19,0]} 12. h3 {[%eval 8,0]}
O-O {[%eval 16,0]} 13. a4 {[%eval 0,0]} Re8 {[%eval 1,0]} 14. Ne5 {[%eval 26,0]
} Nxe5 {[%eval 33,0]} 15. dxe5 {[%eval 32,0]} Bc5 {[%eval 13,0]} 16. Ne4 {
[%eval 1,0]} Be7 {[%eval 5,0]} 17. g3 {[%eval 25,0]} Qc7 {[%eval 18,0]} 18. f4
{[%eval 22,0]} Red8 {[%eval 3,0]} 19. Kg2 {[%eval 43,0]} Rab8 {[%eval 2,0]} 20.
Nf2 $6 {[%eval 9,0] Inaccuracy. g4 was best.} (20. g4 b5) 20... Qb6 $6 {
[%eval 0,0] Inaccuracy. b5 was best.} (20... b5 21. Bb3 Nb6 22. h4 bxa4 23.
Bxa4 Nxa4 24. Rxa4 h5 25. f5 Bxf5 26. Qxh5 Rb5 27. Qf3) 21. Bxd5 $2 {[%eval
-54,0] Mistake. Qf3 was best.} (21. Qf3 h6 22. g4 Bh7 23. f5 Bh4 24. Re2 Qc7
25. Bd3 b5 26. Kg1 Kh8 27. f6 gxf6) 21... cxd5 {[%eval 91,0]} 22. Be3 {[%eval
98,0]} Qc6 {[%eval -96,0]} 23. Bd4 {[%eval -96,0]} b5 {[%eval -99,0]} 24. axb5
{[%eval -95,0]} Rxb5 {[%eval 99,0]} 25. Ra2 {[%eval -67,0]} Rdb8 {[%eval -61,0]
} 26. Rea1 {[%eval -74,0]} Bd8 {[%eval -56,0]} 27. Kh2 {[%eval -45,0]} h6 {
[%eval -49,0]} 28. Nd1 {[%eval -59,0]} Rb3 {[%eval -57,0]} 29. g4 {[%eval -65,
0]} Qb5 {[%eval -82,0]} 30. Qf2 {[%eval -29,0]} Qd3 {[%eval -36,0]} 31. Ne3 {
[%eval -196,0]} Be4 {[%eval -200,0]} 32. Rd1 {[%eval -139,0]} Qb5 {[%eval -164,
0]} 33. Rd2 {[%eval -136,0]} Bb1 {[%eval -155,0]} 34. Ra1 {[%eval -194,0]} Rxb2
{[%eval -153,0]} 35. f5 $4 {[%eval -309,0] Blunder. Rxb2 was best.} (35. Rxb2
Qxb2 36. Qxb2 Rxb2+ 37. Kg3 Be4 38. h4 (38. f5 Rb1 39. Ra2 Rg1+ 40. Kf2 Rh1 41.
Kg3 Rb1) 38... Rb1 39. Rxb1 Bxb1 40. c4 dxc4 41. Nxc4 Bd3) 35... Rxd2 $6 {
[%eval -295,0] Inaccuracy. Bh4 was best.} (35... Bh4 36. Qg2 Rxd2 37. Qxd2 Qb2
38. Qxb2 Rxb2+ 39. Ng2 (39. Kh1 Be4+ 40. Kg1 Bf2+ 41. Kf1 Bd3+ 42. Kg2) 39...
Be4 40. Rg1 Rc2 41. c4 dxc4 42. Be3) 36. Qxd2 {[%eval -258,0]} Be4 {[%eval
-244,0]} 37. Kg3 {[%eval -248,0]} Bc7 {[%eval -232,0]} 38. fxe6 {[%eval -211,0]
} fxe6 {[%eval -215,0]} 39. Rf1 {[%eval -292,0]} Qb2 $6 {[%eval -129,0]
Inaccuracy. a4 was best.} (39... a4 40. Qf2 Qe8 41. h4 a3 42. Qa2 (42. Qe2 Ra8
43. h5 Qb8 44. g5 Bxe5+ 45. Kh3 Bxd4 46. Ng4) 42... Qe7 43. Rf2 Rf8 44. Kh3 Bd8
45. Ng2 Rxf2 46. Qxf2) 40. Qe1 $6 {[%eval -227,0] Inaccuracy. Qxb2 was best.} (
40. Qxb2 Rxb2 41. Ra1 Bd8 42. Rf1 (42. Bc5 Rb1 43. Ra3 Rg1+ 44. Kf2 Rc1 45. Kg3
Kf7 46. Rb3 Rb1) 42... Rb1 43. Rf2 Rg1+ 44. Kh2 Ra1 45. Rb2 Rb1 46. Ra2 Bd3)
40... a4 {[%eval -228,0]} 41. h4 {[%eval -395,0]} a3 {[%eval -385,0]} 42. Rf2 {
[%eval -348,0]} Qb1 {[%eval -357,0]} 43. Qxb1 {[%eval -349,0]} Bxb1 {[%eval
-362,0]} 44. Nc2 {[%eval -349,0]} Bxc2 {[%eval -346,0]} 45. Rxc2 {[%eval -359,
0]} Rb2 {[%eval -363,0]} 46. Rc1 {[%eval -359,0]} a2 {[%eval -347,0]} 47. Ra1 {
[%eval -361,0]} Kf7 {[%eval -371,0]} 48. Kf4 {[%eval -372,0]} Rc2 {[%eval -392,
0]} 49. h5 {[%eval -315,0]} Bd8 {[%eval -322,0]} 50. Ba7 {[%eval -447,0]} Ke8 {
[%eval -309,0]} 51. Bd4 {[%eval -302,0]} Be7 {[%eval -491,0]} 52. Ke3 {[%eval
-483,0]} Bg5+ {[%eval -478,0]} 53. Kf3 {[%eval -486,0]} Kd7 {[%eval -496,0]}
54. Kg3 {[%eval -429,0]} Kc6 {[%eval -433,0]} 55. Kf3 {[%eval -577,0]} Kb5 {
[%eval -587,0]} 56. Kg3 {[%eval -600,0]} Kc4 {[%eval -567,0]} 57. Kf3 {[%eval
-788,0]} Kb3 {[%eval -671,0]} 58. Kg3 {[%eval -604,0]} Bc1 {[%eval -598,0]} 0-1

[Event "37th Reykjavik op"]
[Site "Reykjavik ISL"]
[Date "2024.03.17"]
[Round "4.43"]
[White "Beisteiner, Joachim"]
[Black "Tania, Sachdev"]
[WhiteElo "2079"]
[BlackElo "2393"]
[Result "0-1"]
[EventDate "2024.03.15"]
[PlyCount "38"]

1. e4 {[%eval 13,0]} e5 {[%eval 17,0]} 2. Nf3 {[%eval 21,0]} Nc6 {[%eval 13,0]}
3. Bc4 {[%eval 14,0]} Nf6 {[%eval 21,0]} 4. d3 {[%eval 21,0]} h6 {[%eval 44,0]}
5. O-O {[%eval 13,0]} d6 {[%eval 43,0]} 6. a4 {[%eval 44,0]} g5 {[%eval 47,0]}
7. Nc3 {[%eval 43,0]} Bg7 {[%eval 65,0]} 8. Re1 {[%eval 49,0]} O-O {[%eval 62,
0]} 9. Nd5 {[%eval 16,0]} Nxd5 {[%eval 2,0]} 10. exd5 {[%eval 33,0]} Ne7 {
[%eval 34,0]} 11. d4 {[%eval 35,0]} g4 {[%eval 39,0]} 12. Nh4 {[%eval 37,0]}
exd4 {[%eval 28,0]} 13. Qd3 $2 {[%eval -59,0] Mistake. Bd3 was best.} (13. Bd3
Nxd5) 13... Nxd5 {[%eval -65,0]} 14. Ng6 $2 {[%eval -115,0] Mistake. Qg3 was
best.} (14. Qg3 Nf6 15. f3 Nh5 16. Qf2 Qf6 17. a5 c5 18. Be2 Re8 19. fxg4 Qxf2+
20. Kxf2 Nf6) 14... fxg6 {[%eval -115,0]} 15. Bxd5+ {[%eval -108,0]} Kh7 {
[%eval -191,0]} 16. Be4 {[%eval -101,0]} Qf6 {[%eval -103,0]} 17. Qg3 {[%eval
-282,0]} h5 {[%eval -299,0]} 18. h4 {[%eval -283,0]} gxh3 {[%eval -292,0]} 19.
Bg5 {[%eval -282,0]} Qxf2+ {[%eval -272,0]} 0-1

[Event "37th Reykjavik op"]
[Site "Reykjavik ISL"]
[Date "2024.03.17"]
[Round "4.44"]
[White "Nolsoe, Rani"]
[Black "Roberts, Tallulah"]
[WhiteElo "1986"]
[BlackElo "1671"]
[Result "1-0"]
[EventDate "2024.03.15"]
[PlyCount "97"]

1. e4 {[%eval 13,0]} e6 {[%eval 0,0]} 2. d3 {[%eval 0,0]} d5 {[%eval 0,0]} 3.
Qe2 {[%eval 0,0]} d4 {[%eval 19,0]} 4. f4 {[%eval 17,0]} c5 {[%eval 38,0]} 5.
Nf3 {[%eval 31,0]} Nc6 {[%eval 27,0]} 6. g3 {[%eval 25,0]} Be7 {[%eval 37,0]}
7. Bg2 {[%eval 27,0]} h5 {[%eval 59,0]} 8. a4 {[%eval 58,0]} h4 {[%eval 48,0]}
9. Na3 {[%eval 47,0]} hxg3 $6 {[%eval 104,0] Inaccuracy. e5 was best.} (9... e5
10. f5) 10. hxg3 {[%eval 112,0]} Rxh1+ {[%eval 101,0]} (10... Rh5 11. Rh3 Rxh3
12. Bh1 Rxh1+) 11. Bxh1 {[%eval 106,0]} Qa5+ {[%eval 155,0]} 12. Nd2 $6 {
[%eval 52,0] Inaccuracy. Bd2 was best.} (12. Bd2 Qxa4 13. Qd1 Nb4 14. b3 Qa5
15. Ne5 Nf6 16. Nec4 Qd8 17. e5 Nfd5 18. Nb5 a6) 12... Qxa4 {[%eval 6,0]} 13.
Nb3 {[%eval 46,0]} Qb4+ $6 {[%eval 127,0] Inaccuracy. e5 was best.} (13... e5
14. Nc4) 14. Bd2 {[%eval 133,0]} Qb6 {[%eval 133,0]} 15. Qh5 {[%eval 94,0]} Bd7
$6 {[%eval 196,0] Inaccuracy. Nb4 was best.} (15... Nb4 16. Kd1 Nxd3 17. Nc4
Qb5 18. cxd3 Qxb3+ 19. Ke2 Bd7 20. Qh8 Kf8 21. e5 Bb5 22. Ra3) 16. Nc4 {
[%eval 186,0]} Qb5 {[%eval 235,0]} 17. Qh8 {[%eval 247,0]} O-O-O {[%eval 235,0]
} 18. Qxg7 {[%eval 227,0]} Rf8 $6 {[%eval 307,0] Inaccuracy. Nf6 was best.} (
18... Nf6 19. e5 Nd5 20. Qxf7 Kb8 21. Qh7 Bc8 22. Nba5 Nxa5 23. Bxa5 Ne3 24.
Bxd8 Bxd8 25. Kf2) 19. e5 {[%eval 288,0]} Kb8 {[%eval 257,0]} 20. Nd6 {[%eval
227,0]} Bxd6 {[%eval 289,0]} 21. exd6 {[%eval 284,0]} Rd8 {[%eval 206,0]} 22.
Qxf7 {[%eval 227,0]} Nh6 {[%eval 292,0]} 23. Qf6 {[%eval 294,0]} Ng4 {[%eval
284,0]} 24. Qg5 {[%eval 276,0]} Rh8 {[%eval 284,0]} 25. Be4 {[%eval 251,0]} Ne3
$6 {[%eval 383,0] Inaccuracy. e5 was best.} (25... e5 26. fxe5) 26. Bxe3 {
[%eval 382,0]} dxe3 {[%eval 362,0]} 27. Qxc5 {[%eval 372,0]} Qb4+ {[%eval 353,
0]} 28. Qxb4 {[%eval 355,0]} Nxb4 {[%eval 304,0]} 29. O-O-O {[%eval 348,0]} Rh2
{[%eval 346,0]} 30. c3 $6 {[%eval 242,0] Inaccuracy. Nd4 was best.} (30. Nd4
Ba4 31. Rh1 Rxh1+ 32. Bxh1 Kc8 33. Be4 a5 34. c3 Na2+ 35. Kb1 Bb3 36. d7+ Kc7)
30... Ba4 $6 {[%eval 355,0] Inaccuracy. Nc2 was best.} (30... Nc2 31. Nd4 Nxd4
32. cxd4 Ba4 33. Rh1 Rc2+ 34. Kd1 Rxb2+ 35. Ke1 a5 36. Rh7 Ka7 37. d5) 31. cxb4
{[%eval 345,0]} Bxb3 {[%eval 314,0]} 32. Re1 $4 {[%eval 2,0] Blunder. Rh1 was
best.} (32. Rh1) 32... Rc2+ {[%eval 1,0]} 33. Kb1 {[%eval 14,0]} e2 $4 {
[%eval 305,0] Blunder. Rd2 was best.} (33... Rd2) 34. Bf3 {[%eval 304,0]} Rd2 {
[%eval 354,0]} 35. Bxe2 {[%eval 345,0]} Kc8 {[%eval 336,0]} 36. g4 {[%eval 328,
0]} Kd7 {[%eval 322,0]} 37. g5 {[%eval 342,0]} Kxd6 {[%eval 303,0]} 38. g6 {
[%eval 311,0]} Ke7 {[%eval 307,0]} 39. f5 {[%eval 308,0]} Kf6 $6 {[%eval 476,0]
Inaccuracy. e5 was best.} (39... e5 40. g7 Kf7 41. Rg1 Ke7 42. Rg2 Kf6 43.
g8=N+ Bxg8 44. Kc1 Bd5 45. Rf2 Rxe2 46. Rxe2) 40. fxe6 {[%eval 483,0]} Kxg6 {
[%eval 512,0]} 41. e7 {[%eval 505,0]} Ba4 {[%eval 499,0]} 42. e8=Q+ {[%eval
507,0]} Bxe8 {[%eval 501,0]} 43. Kc1 {[%eval 495,0]} Rxe2 {[%eval 499,0]} 44.
Rxe2 {[%eval 497,0]} Bc6 {[%eval 546,0]} 45. Rf2 {[%eval 544,0]} a6 {[%eval
558,0]} 46. Kd2 {[%eval 551,0]} Bb5 {[%eval 564,0]} 47. Ke3 {[%eval 583,0]} Bc6
{[%eval 583,0]} 48. Kd4 {[%eval 569,0]} Bb5 {[%eval 563,0]} 49. Ke4 {[%eval
555,0]} 1-0

[Event "37th Reykjavik op"]
[Site "Reykjavik ISL"]
[Date "2024.03.17"]
[Round "4.45"]
[White "Solsker, Tummas M."]
[Black "Kazarian, Anna-Maja"]
[WhiteElo "1897"]
[BlackElo "2206"]
[Result "0-1"]
[EventDate "2024.03.15"]
[PlyCount "80"]

1. d4 {[%eval 15,0]} d5 {[%eval 25,0]} 2. Nf3 {[%eval 1,0]} Nf6 {[%eval 24,0]}
3. Bf4 {[%eval 11,0]} e6 {[%eval 7,0]} 4. e3 {[%eval 12,0]} c5 {[%eval 2,0]} 5.
c3 {[%eval 0,0]} Nc6 {[%eval 22,0]} 6. Nbd2 {[%eval 21,0]} Nh5 {[%eval 22,0]}
7. Bg5 {[%eval 22,0]} Qb6 {[%eval 44,0]} 8. dxc5 {[%eval 29,0]} Bxc5 {[%eval 5,
0]} 9. b4 {[%eval 62,0]} Bd6 {[%eval 56,0]} 10. Nc4 {[%eval 67,0]} Qc7 {
[%eval 6,0]} 11. Nxd6+ {[%eval 57,0]} Qxd6 {[%eval 56,0]} 12. Bb5 {[%eval 48,0]
} O-O {[%eval 48,0]} 13. O-O {[%eval 49,0]} f5 $6 {[%eval 114,0] Inaccuracy.
f6 was best.} (13... f6) 14. Nd4 $6 {[%eval 34,0] Inaccuracy. Bxc6 was best.} (
14. Bxc6 bxc6 15. Qd4 Ba6 16. Rfb1 Nf6 17. Bf4 Qe7 18. Ne5 Rfc8 19. f3 Nd7 20.
a4 Nxe5) 14... Nf6 {[%eval 42,0]} 15. Bxf6 {[%eval 28,0]} Rxf6 {[%eval 32,0]}
16. f4 {[%eval 32,0]} e5 {[%eval 66,0]} 17. Nf3 {[%eval 24,0]} exf4 {[%eval 25,
0]} 18. exf4 {[%eval 23,0]} Qxf4 {[%eval 25,0]} 19. Qxd5+ {[%eval 25,0]} Be6 {
[%eval 29,0]} 20. Qc5 {[%eval 29,0]} Rc8 {[%eval 58,0]} 21. Rae1 {[%eval 56,0]}
b6 {[%eval 63,0]} 22. Qf2 {[%eval 5,0]} Bd5 {[%eval 56,0]} 23. a3 {[%eval 35,0]
} Rg6 $6 {[%eval 116,0] Inaccuracy. h6 was best.} (23... h6) 24. Re3 {[%eval
62,0]} h5 $6 {[%eval 165,0] Inaccuracy. Be4 was best.} (24... Be4 25. g3) 25.
Rfe1 $2 {[%eval 0,0] Mistake. Qe2 was best.} (25. Qe2 Rf8 26. Rf2 Qh6 27. Bc4
Bxc4 28. Qxc4+ Kh7 29. Rfe2 Nd8 30. Qc7 h4 31. h3 Nf7) 25... Be4 $6 {[%eval
108,0] Inaccuracy. Ne5 was best.} (25... Ne5 26. Nxe5 Rxg2+ 27. Qxg2 Bxg2 28.
Ng6 Qh6 29. Ne7+ Kh8 30. Kxg2 Rxc3 31. Bd3 Rxa3 32. h4) 26. Bd3 {[%eval 123,0]}
Rf8 {[%eval 131,0]} 27. Bxe4 $6 {[%eval 31,0] Inaccuracy. Qa2+ was best.} (27.
Qa2+ Kh7) 27... fxe4 {[%eval 36,0]} 28. Kh1 $4 {[%eval -395,0] Blunder. Qa2+
was best.} (28. Qa2+ Kh7 29. Nd4 Rgf6 30. h3 Nxd4 31. cxd4 Qf2+ 32. Qxf2 Rxf2
33. R3e2 Rxe2 34. Rxe2 Rc8) 28... exf3 {[%eval -400,0]} 29. Rxf3 {[%eval -375,
0]} Qb8 $6 {[%eval -133,0] Inaccuracy. Rxg2 was best.} (29... Rxg2 30. Qxg2
Qxf3 31. a4 Ne5 32. Qxf3 Nxf3 33. Re7 Nh4 34. Kg1 Rf7) 30. Rxf8+ $6 {[%eval
-249,0] Inaccuracy. Qa2+ was best.} (30. Qa2+ Kh8 31. Qd5 Rh6 32. h3 Re8 33.
Rff1 Ne5 34. Qd1 Rhe6 35. Qxh5+ Kg8 36. Qe2 R6e7) 30... Qxf8 {[%eval -242,0]}
31. Qa2+ {[%eval -242,0]} Kh7 {[%eval -241,0]} 32. b5 $6 {[%eval -394,0]
Inaccuracy. Qd5 was best.} (32. Qd5 Qf4 33. h3 Qg5 34. Qxg5 Rxg5 35. Re8 Rg3
36. Rc8 Ne7 37. Rc7 Nf5 38. Rxa7 Rxc3) 32... Ne5 {[%eval -332,0]} 33. Qe2 {
[%eval -392,0]} Ng4 {[%eval -318,0]} 34. h3 $6 {[%eval -564,0] Inaccuracy. Rf1
was best.} (34. Rf1 Qd6 35. g3 Re6 36. Qc2+ g6 37. h3 Ne3 38. Rf7+ Kg8 39. Qf2
Nf5 40. g4 hxg4) 34... Nf2+ {[%eval -595,0]} 35. Kh2 $4 {[%eval -32735,0]
Checkmate is now unavoidable. Kg1 was best.} (35. Kg1 Nxh3+ 36. Kh1 Nf2+ 37.
Kg1 Ng4 38. g3 Qc5+ 39. Kh1 Qxc3 40. Rg1 Re6 41. Qf1 Re5) 35... Qf4+ {[%eval
-32737,0]} 36. Kg1 {[%eval -843,0]} Nxh3+ {[%eval -874,0]} 37. Kh1 {[%eval
-897,0]} Nf2+ {[%eval -879,0]} 38. Kg1 {[%eval -726,0]} Ng4 {[%eval -693,0]}
39. Qe4 $4 {[%eval -32753,0] Checkmate is now unavoidable. Qf3 was best.} (39.
Qf3 Qh2+ 40. Kf1 Rf6 41. Ke2 Rxf3 42. Kxf3 h4 43. Re8 Kg6 44. c4 Qg3+ 45. Ke2
Qxg2+) 39... Qf2+ {[%eval -32755,0]} 40. Kh1 {[%eval -32755,0]} Nf6 {[%eval
-32737,0]} 0-1

[Event "37th Reykjavik op"]
[Site "Reykjavik ISL"]
[Date "2024.03.17"]
[Round "4.49"]
[White "Ptacnikova, Lenka"]
[Black "Moksh Amit, Doshi"]
[WhiteElo "2067"]
[BlackElo "2353"]
[Result "1/2-1/2"]
[EventDate "2024.03.15"]
[PlyCount "139"]

1. d4 Nf6 2. Nc3 d5 3. Bf4 e6 4. e3 Bb4 5. Bd3 c5 6. dxc5 Nbd7 7. Nge2 a6 8.
Bg3 O-O 9. a3 Bxc5 10. O-O b5 11. e4 d4 12. e5 dxc3 13. exf6 Nxf6 14. Nxc3 Bb7
15. Qe2 Qb6 16. Ne4 Be7 17. Bh4 Qc6 18. f3 Nd5 19. Bxe7 Nxe7 20. Qf2 Rac8 21.
Rfe1 h6 22. Rad1 Rfd8 23. c3 Ng6 24. Bc2 Nf4 25. Nf6+ Kh8 26. Ng4 Qc7 27. Qe3
Nd5 28. Qe5 Qxe5 29. Nxe5 Kg8 30. Kf2 Kf8 31. Be4 a5 32. Rd4 f6 33. Ng6+ Kf7
34. Bxd5 Bxd5 35. Nf4 Bb3 36. Nd3 e5 37. Rxd8 Rxd8 38. Ke3 Bc2 39. Nc5 f5 40.
b4 a4 41. Rc1 Bd1 42. Nd3 f4+ 43. Ke4 Bb3 44. Nxe5+ Ke6 45. Nd3 Bc4 46. Rd1 Kf6
47. Nb2 Re8+ 48. Kxf4 g5+ 49. Kg3 Bb3 50. Rd6+ Kg7 51. Kf2 Rc8 52. Rd3 Kf6 53.
Ke2 h5 54. Kd2 h4 55. Rd4 Kf5 56. Nd3 Bc4 57. Rd6 Re8 58. g4+ hxg3 59. hxg3 g4
60. f4 Rh8 61. Ne5 Rh2+ 62. Ke3 Bf1 63. Nd7 Re2+ 64. Kd4 Rd2+ 65. Kc5 Rc2 66.
Kd4 Rd2+ 67. Kc5 Rc2 68. Kd4 Rd2+ 69. Kc5 Rc2 70. Kd4 1/2-1/2